LEADER 02209nam 2200481Ia 450 001 996393932203316 005 20200824121821.0 035 $a(CKB)4940000000115203 035 $a(EEBO)2248514251 035 $a(UnM)99897869e 035 $a(UnM)99897869 035 $a(EXLCZ)994940000000115203 100 $a19990127d1691 uy | 101 0 $aeng 135 $aurbn||||a|bb| 200 14$aThe compleat servant-maid: or, The young maidens tutor$b[electronic resource] $eDirecting them how they may fit, and qualifie themselves for any of these employments, viz. Waiting-woman, house-keeper, chamber-maid, cook-maid, under-cook-maid, nursery-maid, dairy-maid, laundry-maid, house-maid, scullery-maid. Whereunto is added a supplement containing the choicest receipts and rarest secrets in physick and chirurgery. Composed for the great benefit and advantage of all young maidens 205 $aThe fifth edition corrected and amended. 210 $aLondon $cprinted for Tho. Passenger, at the Three Bibles and Star on London-Bridge$d1691 215 $a178, [2] p 300 $aBy Hannah Woolley. 300 $aWith one final advertisement leaf. 300 $aThe words "Waiting-woman, .. Under-cook-maid," and "Nursery-maid, .. Scullery-maid." are bracketed together on title page. 300 $a"A supplement to the compleat servant maid" has separate dated title page; register and pagination are continuous. 300 $aReproduction of original in the British Library. 330 $aeebo-0018 606 $aCookery$vEarly works to 1800 606 $aCanning and preserving$vEarly works to 1800 606 $aMedicine, Popular$vEarly works to 1800 606 $aBeauty, Personal$vEarly works to 1800 606 $aWomen$xEducation$vEarly works to 1800 615 0$aCookery 615 0$aCanning and preserving 615 0$aMedicine, Popular 615 0$aBeauty, Personal 615 0$aWomen$xEducation 700 $aWoolley$b Hannah$ffl. 1670.$01002441 801 0$bCu-RivES 801 1$bCu-RivES 801 2$bWaOLN 906 $aBOOK 912 $a996393932203316 996 $aThe compleat servant-maid; or, The young maidens tutor$92304185 997 $aUNISA LEADER 01211nam0 22003011i 450 001 UON00129396 005 20231205102749.874 010 $a18-992940-6-6 100 $a20020107d1997 |0itac50 ba 101 $aeng 102 $aGB 105 $a|||| 1|||| 200 1 $aSex and aesthetics in traditional China$fKeith Pratt 210 $aDurham$cUniversity of Durham, Department of East Asian Studies$d1997 215 $a67 p.$d21 cm 410 1$1001UON00129448$12001 $aDurham East Asian Papers$v7 606 $aCOSTUMI SESSUALI$xCina$xStoria$3UONC000672$2FI 606 $aEstetica$xCina$3UONC008519$2FI 620 $aGB$dDurham$3UONL005287 686 $aEO SERIE$cESTREMO ORIENTE - SERIE$2A 700 1$aPRATT$bKeith$3UONV017124$0643136 712 $aUniversity of Durham, Department of East Asian Studies$3UONV262634$4650 801 $aIT$bSOL$c20250711$gRICA 899 $aSIBA - SISTEMA BIBLIOTECARIO DI ATENEO$2UONSI 912 $aUON00129396 950 $aSIBA - SISTEMA BIBLIOTECARIO DI ATENEO$dSI EO SERIE 1 07 $eSI SA 98205 5 07 996 $aSex and aesthetics in traditional China$91319284 997 $aUNIOR